Cerebro
保存先:
| 第一著者: | |
|---|---|
| フォーマット: | 図書 |
| 言語: | スペイン語 |
| 出版事項: |
Buenos Aires
Adriana Hidalgo Editora S. A
2013
|
| 版: | 1a. ed |
| シリーズ: | Filosofía e Historia. Fundamentales
|
| 主題: | |
| タグ: |
タグ追加
タグなし, このレコードへの初めてのタグを付けませんか!
|
MARC
| LEADER | 00000cam a2200000 a 4500 | ||
|---|---|---|---|
| 001 | UCC2058 | ||
| 003 | CL-VaPUC | ||
| 008 | 171230e20130000ag |||||||||||||||||spa|d | ||
| 020 | |a 9789871923144 | ||
| 082 | 0 | 4 | |a 612.825 |b OLI |2 21 |
| 100 | 0 | |a Oliverio, Alberto |e author |9 596202 | |
| 245 | 1 | 0 | |a Cerebro |
| 250 | |a 1a. ed | ||
| 300 | |a 202 p | ||
| 942 | |c BK | ||
| 945 | |d 20171230 00:11:00 |a dcastane | ||
| 260 | |a Buenos Aires |b Adriana Hidalgo Editora S. A |c 2013 | ||
| 650 | 0 | |a Cerebro |9 307262 | |
| 650 | 0 | |a Sistema nervioso |9 266815 | |
| 650 | 7 | |a MENTE Y MEMORIA |2 CL-VaPUC |9 454799 | |
| 650 | 0 | |a Procesos mentales superiores |9 330839 | |
| 583 | |a last modification |c 20171230 00:11:00 |k Rodrigo Vera | ||
| 490 | 0 | |a Filosofía e Historia. Fundamentales | |
| 999 | |c 370359 |d 370357 | ||
| 952 | |0 0 |1 0 |3 erb |4 0 |6 612_825000000000000_OLI_2013 |7 0 |8 A |9 486765 |a BIBEDU |b BIBEDU |i 5443946 |o 612.825 OLI 2013 |p 5443946 |r 2019-11-24 |w 2019-11-24 |y BK |z Catalogado en:20171230 |k EPE | ||
| 952 | |0 0 |1 0 |3 erb |4 0 |6 612_825000000000000_OLI_2013 |7 0 |8 A |9 486766 |a BIBEDU |b BIBEDU |i 544392K |o 612.825 OLI 2013 |p 544392K |r 2021-08-27 |w 2019-11-24 |y BK |z Catalogado en:20171230 |k EPE | ||
| 952 | |0 0 |1 0 |3 erb |4 0 |6 612_825000000000000_OLI_2013 |7 0 |8 A |9 486767 |a BIBEDU |b BIBEDU |i 5443938 |l 1 |o 612.825 OLI 2013 |p 5443938 |r 2022-06-01 |s 2022-05-31 |w 2019-11-24 |y BK |z Catalogado en:20171230 |k EPE | ||